000 00527nam a2200205Ia 4500
005 20250326144807.0
008 250326s9999 xx 000 0 und d
020 _a0 7494 3121 0
037 _aTextbook
040 _aFMSL
_beng
_cFMSL
041 _aeng
_2eng
084 _aX:51 P0
_qFMSL
100 _aBird D
_9742612
245 0 _aCommonsense direct marketing
_cBird D
250 _a4
260 _aLondon
_bLondon, Kogan Page
_c2000
300 _a385p
942 _cTB
_hX:51 P0
999 _c1305082
_d1305082